00934nam a22002295i 450000100060000000300090000600500170001500700030003200800410003504000200007610000280009624500480012426000920017230000450026449000380030950000670034760000450041483000460045985200560050599900170056195201260057853120ES-MaACL20250805064133.0t|950907s1890 fr ||||1| fre d aCAM bspa cCAM1 aDu Camp, Maxime.94570010aThéophile Gautier / cpar Maxime Du Camp. aParis : bLibrairie Hachette et Cie., c1890 (eCoulommiers :fimprimerie Paul Brodard) a200, [1] p., [1] h. de lám. ; c19 cm.1 aLes grands écrivains français aLa h. de lám., reprod.. de una fot. de Théophile Gautier.14aGautier, Théophile,d1811-187291709600 aLes grands écrivains français9182230 aES-MaACLjB-3185(1) z.- Encuadernado con otra obra c53120d53120 001040708LIBXIXaATENEOMbATENEOMcSPBd2008-01-17eSCl0oB-3185(1)p1055817r2023-02-23 00:00:00w2023-02-23yMONANT